[Event "Rewal op 11th"]
[Site "Rewal"]
[Date "2006.08.27"]
[Round "9"]
[White "Suwara, Piotr"]
[Black "Jordan, Kazimierz"]
[Result "1-0"]
[WhiteElo "1741"]
[BlackElo "1795"]
[PlyCount "53"]
[EventDate "2006.08.21"]
[EventType "swiss"]
[EventRounds "11"]
[EventCountry "POL"]
[SourceTitle "EXT 2010"]
[Source "ChessBase"]
[SourceDate "2010.11.25"]
[SourceVersion "1"]
[SourceVersionDate "2010.11.25"]
[SourceQuality "1"]

1. e4 c5 2. Nf3 Nc6 3. d4 cxd4 4. c3 d5 5. exd5 Qxd5 6. cxd4 Bg4 7. Be2 Bxf3 8. Bxf3 Qe6+ 9. Be3 Qd7 10. Nc3 e6 11. 0-0 Nf6 12. d5 Ne5 13. Be2 a6 14. dxe6 Qxe6 15. Bd4 Be7 16. Bxe5 Qxe5 17. Qa4+ Kf8 18. Bc4 Ng4 19. g3 Qh5 20. h4 Qg6 21. Qd7 b5 22. Nd5 Bxh4 23. Rae1 Rd8 24. Nc7 f5 25. Ne6+ Kg8 26. Nxd8+ bxc4 27. Re8+ 1-0

[Event "Rewal op 11th"]
[Site "Rewal"]
[Date "2006.08.24"]
[Round "5"]
[White "Jordan, Kazimierz"]
[Black "Ni, Polina"]
[Result "0-1"]
[WhiteElo "1795"]
[BlackElo "1967"]
[PlyCount "83"]
[EventDate "2006.08.21"]
[EventType "swiss"]
[EventRounds "11"]
[EventCountry "POL"]
[SourceTitle "EXT 2010"]
[Source "ChessBase"]
[SourceDate "2010.11.25"]
[SourceVersion "1"]
[SourceVersionDate "2010.11.25"]
[SourceQuality "1"]

1. e3 Nf6 2. f4 d5 3. Nf3 c5 4. d3 Nc6 5. Be2 e6 6. a4 Qc7 7. 0-0 Bd6 8. Na3 a6 9. c4 0-0 10. Qe1 d4 11. exd4 cxd4 12. Qh4 Ne7 13. Nxd4 Bc5 14. Nac2 Nf5 15. Qf2 Rd8 16. b4 Bxd4 17. Nxd4 Nxd4 18. Bb2 Qxf4 19. Bf3 Nxf3+ 20. Qxf3 Qxf3 21. Rxf3 b6 22. Raf1 Ra7 23. Bxf6 gxf6 24. Rg3+ Kh8 25. Rxf6 Rg8 26. Re3 Rd7 27. d4 Rxd4 28. Rxf7 Rd1+ 29. Kf2 Rd2+ 30. Kf1 Rdxg2 31. Rh3 R2g7 32. Rf6 Bd7 33. a5 bxa5 34. bxa5 Bc6 35. Rh4 Re8 36. Kf2 Kg8 37. Ke3 Rg6 38. Rf2 Rb8 39. Rd2 e5 40. Rd1 Rb3+ 41. Kf2 Rf3+ 42. Ke2 0-1